| 000 | 00789 a2200181 4500 | ||
|---|---|---|---|
| 003 | NUST | ||
| 005 | 20230120173302.0 | ||
| 040 | _cNust | ||
| 082 | _a729,WAU | ||
| 100 |
_aWaugh, Alice _9107283 |
||
| 245 |
_aInterior design : _bA laboratory manual for house furnishing / _c Alice Waugh, |
||
| 250 | _a5th ed. | ||
| 260 |
_aUSA _bBurgess Publishing Company _c967 |
||
| 300 | _a77 p.; | ||
| 505 | _aHow to Begin (Page-1), Judging a Room (Page-4), A Room is a Design (Page-6), Using Light and Dark (Page-9), Pattern and Fabrics (Page-14), Arranging Furniture (Page-17), Selecting Furniture (Page-26), Budgeting Time and Money (Page-29), Accessories (Page-33), Color (Page-39), The Historic Styles of Furniture (Page-57). | ||
| 650 |
_aInterior design _9107284 |
||
| 942 |
_2ddc _cBK _k729,WAU |
||
| 999 |
_c190867 _d190867 |
||